00729nam a2200277Ia 450000500170000000800460001702000180006303700100008104000080009104000080009904000080010704100080011504100080012308400080013110000260013924500260016524500400019126000230023126000090025436500050026336500080026885600530027694200100032999900210033995200910036020260324140959.0008 260324s9999 xx 000 0 eng d a9781315245126 aEBOOK aCRL beng cCRL 2eng aeng qCRL aKaren Sharpe91206459 0aRed Light, Blue Light 0bProstitutes, Punters and the Police bTaylor and Francis c1998 a b230 uhttp://www.taylorfrancis.com/books/9781315245126 cEBOOK c1809081d1809081 00104070aCRLbCRLd2026-03-24l0pCL2091241r2026-03-24 14:09:59w2026-03-24yEBOOK